-
Melkote, Srinivas R & Steeves, H leslia
Entry Personal Name
Number of records used in: 3
001 - CONTROL NUMBER
003 - CONTROL NUMBER IDENTIFIER
005 - DATE AND TIME OF LATEST TRANSACTION
- control field:
20160625140109.0
008 - FIXED-LENGTH DATA ELEMENTS
- fixed length control field:
160625|| aca||aabn | a|a d
040 ## - CATALOGING SOURCE
- Original cataloging agency:
OSt
- Transcribing agency:
OSt
100 ## - HEADING--PERSONAL NAME
- Personal name:
Melkote, Srinivas R & Steeves, H leslia
670 ## - SOURCE DATA FOUND
- Source citation:
Work cat.: (OSt): Melkote, Srinivas R & Steeves, H leslia, Communication for the Development in the third World